000
00337nam a2200145Ia 4500
005
20251222175930.0
008
251222s9999||||xx |||||||||||||| ||spa||
020
_a
934840229
082
_a
800/D52
100
_a
Delgado, Mario
245
0
_a
La Nave de la Memoria
250
_a
1ra.ed.
264
_b
Didi de Arteta, S.A.
942
_c
LIB
999
_c
41001
_d
41001